000 01087naa a22002897a 4500
001 BR9509950
003 BR-BrBNA
005 20240918181439.0
007 ta
008 230509b bl.||||| |||| 00| 0 por d
040 _aBR-BrBNA
_bpor
_cBiblioteca Nacional de Agricultura
041 _a(Pt)
072 _aF30
_b0140
090 _aF30 BR9509950
100 1 _aMittelmann, A.
100 1 _aCarvalho, F.I.F.
100 1 _aAmaral, A.
111 1 _a15. Reuniao da Comissao Sulbrasileira de Pesquisa de Aveia
_cEntre Rios, PR (Brazil)
_d5-7 Apr 1995
245 1 _aAmostragem e seus efeitos na estimativa da herdabilidade do ciclo vegetativo em aveia
260 3 _aGuarapuava, PR (Brasil):
_c1995.
500 _a15. Reuniao da Comissao Sulbrasileira de Pesquisa de Aveia Guarapuava, PR (Brasil): 1995. p. 171-172 (BR9509950-AM)F30
650 _aAveia
650 _aHereditariedade
773 0 _t15. Reuniao da Comissao Sulbrasileira de Pesquisa de Aveia
_wF30 BR9509950
_gGuarapuava, PR (Brasil), 1995. p. 171-172
909 _a202404
_bLucia
_c55
_dLucia Elande
942 _cAM
_2AGRIS
999 _c325311
_d325311